| 000 | 00808nam a2200253 a 4500 | ||
|---|---|---|---|
| 001 | BRL_1071 | ||
| 005 | 20190320211025.0 | ||
| 008 | 071113s1989----mx-o#####c---#000-0#spa-# | ||
| 020 | _a9686191208 | ||
| 041 | _aspa | ||
| 044 | _amx | ||
| 050 | 4 |
_aNK7114 _b.A73 1989 |
|
| 245 | 1 | 0 |
_aEl Arte de la platería mexicana, 500 Años _bnoviembre 1989-febrero 1990 |
| 260 |
_aMéxico _bFundación Cultural Televisa, Centro Cultural, Arte Contemporáneo _c1989 |
||
| 300 |
_a595 p. _bil. (algunas a color) _c30 cm. |
||
| 500 | _aAu10 | ||
| 504 | _aBibliografía: p. 588-592 | ||
| 650 | 1 | 4 |
_aPlatería _zMéxico _93073 |
| 650 | 1 | 4 |
_aPlaterosx _zMéxico _925745 |
| 650 | 1 | 4 |
_aMarcas del contraste _zMéxico _925746 |
| 710 | 2 |
_aCentro Cultural/Arte Contemporaìneo (Mexico) _925747 |
|
| 902 | _aGRL | ||
| 942 |
_2lcc _cB |
||
| 999 |
_c9883 _d9883 |
||